[Event "XXIX Miedzynarodowy Festiwal Szachowy CRACOVIA-2018 Grupa B"]
[Site "Krakow, Hotel Galaxy, ul. Gesia 22a"]
[Date "2019.01.03"]
[Round "8.27"]
[White "Hrymowicz, Artur"]
[Black "Zeliantsova, Kseniya"]
[Result "1-0"]
[WhiteElo "2024"]
[BlackElo "1858"]
[PlyCount "89"]
[EventDate "2019.??.??"]

1. e4 c5 2. Nf3 Nc6 3. d4 cxd4 4. Nxd4 g6 5. c4 Bg7 6. Be3 Nf6 7. Nc3 Ng4 8.
Qxg4 Nxd4 9. Qd1 Nc6 10. Rc1 d6 11. Be2 O-O 12. O-O Bd7 13. Qd2 Rc8 14. f4 f5
15. Bf3 fxe4 16. Nxe4 Qa5 17. Qxa5 Nxa5 18. b3 Nc6 19. Rcd1 Bf5 20. g4 Bxe4 21.
Bxe4 b6 22. Rf2 Rc7 23. h4 Bf6 24. g5 Bc3 25. a3 Nd8 26. h5 gxh5 27. Rc2 Bh8
28. Rh2 b5 29. cxb5 Rc3 30. Rd3 Rxd3 31. Bxd3 e6 32. Rc2 d5 33. Rc7 Bg7 34.
Bxa7 Rxf4 35. Rc8 Rf8 36. Bc5 Re8 37. Bb6 Kf7 38. Bxd8 Bd4+ 39. Kf1 Bb6 40.
Bxb6 Rxc8 41. Bd4 Kg8 42. b6 Rf8+ 43. Kg2 Rb8 44. Ba6 e5 45. Bc5 1-0

[Event "XXIX Miedzynarodowy Festiwal Szachowy CRACOVIA-2018 Grupa B"]
[Site "Krakow, Hotel Galaxy, ul. Gesia 22a"]
[Date "2019.01.03"]
[Round "8.28"]
[White "Holzleithner, Johannes"]
[Black "Shamatava, Nikolozi"]
[Result "0-1"]
[WhiteElo "2008"]
[BlackElo "1866"]
[PlyCount "146"]
[EventDate "2019.??.??"]

1. e4 c5 2. Be2 Nc6 3. d3 e6 4. f4 d6 5. Nf3 g6 6. O-O Bg7 7. c3 d5 8. e5 Nge7
9. Na3 a6 10. d4 cxd4 11. cxd4 O-O 12. Nc2 Bd7 13. Ne3 b5 14. g4 f5 15. g5 Qb6
16. Nc2 Rfc8 17. Be3 Na5 18. b3 Nb7 19. Qd2 Rc7 20. Rfc1 Rac8 21. Nce1 Rxc1 22.
Rxc1 Rxc1 23. Qxc1 Qc6 24. Nd3 Qxc1+ 25. Bxc1 Nc6 26. Ba3 Bf8 27. Bxf8 Kxf8 28.
Kf2 Ke7 29. b4 Be8 30. Ke3 Na7 31. Nd2 a5 32. a3 a4 33. Nc5 Nxc5 34. dxc5 Kd7
35. Nf3 Kc7 36. Nd4 Bd7 37. c6 Nxc6 38. Nxb5+ Kb6 39. Nd6 Nxb4 40. axb4 a3 41.
Bc4 dxc4 42. Nxc4+ Kb5 43. Nxa3+ Kxb4 44. Nb1 Kc4 45. Nd2+ Kd5 46. Nb3 Bc8 47.
Na1 Bb7 48. Nc2 Kc4 49. Nd4 Bd5 50. h3 Kc5 51. Kd3 Bc4+ 52. Kc3 Bd5 53. Nc2 Be4
54. Nb4 Bb7 55. Nc2 Ba6 56. Ne3 Bb5 57. Nc2 Kd5 58. Nd4 Ba6 59. Nb3 Bc4 60. Nd2
Bb5 61. Kb4 Ba6 62. Ka5 Be2 63. Kb6 Kd4 64. Nb3+ Ke3 65. Nc5 Bc4 66. Kc6 Kxf4
67. Kd6 Kxg5 68. Nxe6+ Bxe6 69. Kxe6 f4 70. Kd7 f3 71. e6 f2 72. e7 f1=Q 73.
e8=Q Qb5+ 0-1

[Event "XXIX Miedzynarodowy Festiwal Szachowy CRACOVIA-2018 Grupa B"]
[Site "Krakow, Hotel Galaxy, ul. Gesia 22a"]
[Date "2019.01.03"]
[Round "8.29"]
[White "Czaplewska, Klara"]
[Black "Wiejaczka, Bartlomiej"]
[Result "0-1"]
[WhiteElo "1890"]
[BlackElo "2006"]
[PlyCount "94"]
[EventDate "2019.??.??"]

1. d4 Nf6 2. g3 g6 3. Bg2 Bg7 4. e4 d6 5. Nc3 O-O 6. Nge2 e5 7. h3 Nc6 8. Be3
Re8 9. O-O exd4 10. Nxd4 Bd7 11. Qd2 Ne5 12. b3 c5 13. Ndb5 Bxh3 14. Nxd6 Re7
15. Rad1 Bxg2 16. Kxg2 b6 17. f4 Neg4 18. e5 Ne8 19. Bg1 Rd7 20. Nce4 Nxd6 21.
Nxd6 Nxe5 22. fxe5 Bxe5 23. Qd5 Bxd6 24. Be3 Qe8 25. Bf4 Rad8 26. Bxd6 Rxd6 27.
Qxd6 Rxd6 28. Rxd6 Qe4+ 29. Kg1 Qe7 30. Rd3 h5 31. Rfd1 Kg7 32. Rd7 Qe3+ 33.
Kg2 Qe2+ 34. Kg1 Qxc2 35. Rf1 Qxa2 36. Rfxf7+ Kh6 37. Rf3 a5 38. Rd6 b5 39.
Rff6 Qb1+ 40. Kg2 a4 41. bxa4 bxa4 42. Rd2 Qe4+ 43. Rf3 c4 44. Kf2 Qe5 45. Ra2
c3 46. Kg2 Qe4 47. Kf2 c2 0-1

[Event "XXIX Miedzynarodowy Festiwal Szachowy CRACOVIA-2018 Grupa B"]
[Site "Krakow, Hotel Galaxy, ul. Gesia 22a"]
[Date "2019.01.03"]
[Round "8.30"]
[White "Kaniak, Justyna"]
[Black "Niedbala, Bartlomiej"]
[Result "0-1"]
[WhiteElo "1729"]
[BlackElo "1973"]
[PlyCount "96"]
[EventDate "2019.??.??"]

1. e4 c5 2. Nf3 d6 3. d4 cxd4 4. Nxd4 Nf6 5. Nc3 g6 6. Be2 Bg7 7. O-O O-O 8.
Bg5 Nc6 9. Nb3 a5 10. a4 Be6 11. Re1 Rc8 12. Bf1 h6 13. Bh4 g5 14. Bg3 Ng4 15.
Rb1 Nge5 16. Nd5 f5 17. exf5 Bxf5 18. Rc1 e6 19. Ne3 Bg6 20. c3 Qb6 21. Bb5 d5
22. Qd2 Kh7 23. Rcd1 Rf7 24. Nd4 Nxd4 25. cxd4 Nc6 26. Bxc6 Rxc6 27. Ng4 Rc2
28. Qe3 Bf5 29. Ne5 Rfc7 30. h4 gxh4 31. Bxh4 Bxe5 32. Qxe5 Qxb2 33. Re3 Rc1
34. Rxc1 Qxc1+ 35. Kh2 Rf7 36. Rg3 Qc7 37. Qe3 Be4 38. Kh1 Qf4 39. Bd8 Qxf2 40.
Bxa5 Bxg2+ 41. Kh2 Be4+ 42. Qxf2 Rxf2+ 43. Kg1 Ra2 44. Rb3 Rxa4 45. Rxb7+ Kg6
46. Bb6 Kf5 47. Rh7 Kg5 48. Bc5 Bxh7 0-1

[Event "XXIX Miedzynarodowy Festiwal Szachowy CRACOVIA-2018 Grupa B"]
[Site "Krakow, Hotel Galaxy, ul. Gesia 22a"]
[Date "2019.01.03"]
[Round "8.31"]
[White "Bobrowski, Damian"]
[Black "Zianowicz, Dominik"]
[Result "0-1"]
[WhiteElo "1597"]
[BlackElo "1969"]
[PlyCount "86"]
[EventDate "2019.??.??"]

1. e4 c6 2. d4 d5 3. exd5 cxd5 4. Bd3 Nc6 5. c3 Nf6 6. Bf4 Bg4 7. Qb3 Qc8 8.
Nd2 e6 9. Ngf3 Bxf3 10. Nxf3 Be7 11. h3 O-O 12. O-O a6 13. a4 Na5 14. Qc2 Nc4
15. b4 b5 16. a5 g6 17. Rac1 Nd7 18. Qe2 Bd6 19. Ne5 Ncxe5 20. dxe5 Be7 21. Bh6
Re8 22. g4 f6 23. f4 Qc7 24. Qg2 fxe5 25. f5 e4 26. Bb1 Bf8 27. Be3 Ne5 28.
fxg6 Nxg6 29. Qf2 Bg7 30. Bc5 Bf8 31. Be3 Re7 32. Bg5 Rf7 33. Qe3 Qa7 34. Rxf7
Qxe3+ 35. Bxe3 Kxf7 36. Rf1+ Kg8 37. Rf6 Re8 38. Ba2 Kg7 39. Rf1 Bd6 40. Bg5
Be5 41. Bd2 Rc8 42. Kf2 Bxc3 43. Rc1 Rf8+ 0-1

[Event "XXIX Miedzynarodowy Festiwal Szachowy CRACOVIA-2018 Grupa B"]
[Site "Krakow, Hotel Galaxy, ul. Gesia 22a"]
[Date "2019.01.03"]
[Round "8.32"]
[White "Gawronski, Lukasz"]
[Black "Bartoszewicz, Marcin"]
[Result "1/2-1/2"]
[WhiteElo "1916"]
[BlackElo "1853"]
[PlyCount "70"]
[EventDate "2019.??.??"]

1. d4 Nf6 2. Bg5 Ne4 3. Bf4 d5 4. e3 e6 5. Bd3 Nd7 6. Bxe4 dxe4 7. Nc3 Nf6 8.
Nge2 b6 9. Ng3 Bb7 10. O-O Be7 11. Be5 Qd7 12. a4 a6 13. Qe2 O-O-O 14. Rfd1 h5
15. Bxf6 gxf6 16. Ngxe4 Rdg8 17. f3 h4 18. Nf2 Rg7 19. Kh1 f5 20. Nh3 Rhg8 21.
Rg1 Qc6 22. Nf4 Bd6 23. d5 Qe8 24. Qc4 Bxf4 25. Qxf4 exd5 26. Qxf5+ Qe6 27.
Qxe6+ fxe6 28. Ne2 e5 29. Rad1 Rf8 30. h3 c5 31. c3 Bc6 32. b4 Kc7 33. Rd2 Rd8
34. Ra1 Rdg8 35. Rg1 Rd8 1/2-1/2

[Event "XXIX Miedzynarodowy Festiwal Szachowy CRACOVIA-2018 Grupa B"]
[Site "Krakow, Hotel Galaxy, ul. Gesia 22a"]
[Date "2019.01.03"]
[Round "8.33"]
[White "Zelak, Wladyslaw"]
[Black "Serra Azul Neto, Francisco"]
[Result "1-0"]
[WhiteElo "1833"]
[BlackElo "1915"]
[PlyCount "63"]
[EventDate "2019.??.??"]

1. Nf3 d5 2. d4 Nf6 3. c4 g6 4. Nc3 Bg7 5. Bf4 c6 6. e3 O-O 7. Bd3 Na6 8. Qb3
Qb6 9. Qxb6 axb6 10. Rc1 Nb4 11. Be2 Bf5 12. a3 Nd3+ 13. Bxd3 Bxd3 14. cxd5
cxd5 15. Ne5 Bf5 16. g4 Be6 17. f3 Rfc8 18. Kd2 Ne8 19. Nd3 f6 20. Nb4 Rd8 21.
Nb5 Bf7 22. Bc7 Nxc7 23. Rxc7 e5 24. Rxb7 exd4 25. Nxd4 Rd6 26. Rc1 Rad8 27.
Rcc7 Rf8 28. Nbc6 Bh6 29. Ne7+ Kh8 30. Nc8 Rdd8 31. Nxb6 Bg8 32. h4 1-0

[Event "XXIX Miedzynarodowy Festiwal Szachowy CRACOVIA-2018 Grupa B"]
[Site "Krakow, Hotel Galaxy, ul. Gesia 22a"]
[Date "2019.01.03"]
[Round "8.34"]
[White "Wilk, Tomasz"]
[Black "Duda, Lucas"]
[Result "0-1"]
[WhiteElo "1911"]
[BlackElo "1784"]
[PlyCount "80"]
[EventDate "2019.??.??"]

1. e4 e5 2. Nf3 Nc6 3. d4 exd4 4. Bc4 Nf6 5. e5 d5 6. Bb5 Ne4 7. Nxd4 Bd7 8.
Bxc6 bxc6 9. O-O Bc5 10. f3 Ng5 11. f4 Ne4 12. Be3 O-O 13. Nd2 Nxd2 14. Qxd2 f6
15. Nb3 Bb6 16. Nc5 Bxc5 17. Bxc5 Re8 18. Rae1 Bf5 19. c3 Be4 20. Re3 f5 21. a4
Re6 22. Rg3 Rg6 23. Rxg6 hxg6 24. a5 Qc8 25. Re1 a6 26. Re3 Qe6 27. Bd4 g5 28.
Rh3 g4 29. Rh4 Rd8 30. Qe2 c5 31. Bxc5 d4 32. cxd4 Qa2 33. h3 Rb8 34. Ba3 g3
35. Qe1 Rb3 36. e6 Re3 37. Qc1 Rc3 38. Qf1 Rc2 39. e7 Qe6 40. Rh5 Bc6 0-1

[Event "XXIX Miedzynarodowy Festiwal Szachowy CRACOVIA-2018 Grupa B"]
[Site "Krakow, Hotel Galaxy, ul. Gesia 22a"]
[Date "2019.01.03"]
[Round "8.35"]
[White "Landl, Margot"]
[Black "Leczek, Weronika"]
[Result "1/2-1/2"]
[WhiteElo "1975"]
[BlackElo "1771"]
[PlyCount "74"]
[EventDate "2019.??.??"]

1. e4 c5 2. Nf3 Nc6 3. d4 cxd4 4. Nxd4 Nf6 5. Nc3 d6 6. Be2 g6 7. Be3 Bg7 8.
O-O O-O 9. Nb3 a6 10. a4 Be6 11. f4 Na5 12. Nxa5 Qxa5 13. Bf3 Rfd8 14. Nd5 Nxd5
15. exd5 Bf5 16. c3 b5 17. Bd4 Bh6 18. Be2 bxa4 19. Rxa4 Qc7 20. Rxa6 Rxa6 21.
Bxa6 Qa5 22. Bc4 Rc8 23. b4 Qa8 24. Bb3 Be4 25. c4 e6 26. Bb2 Qa7+ 27. Bd4 Qb7
28. dxe6 fxe6 29. Qe2 d5 30. cxd5 Bxd5 31. Bxd5 Qxd5 32. Bc5 Bf8 33. Bxf8 Rxf8
34. Rd1 Qc6 35. Qe3 Rb8 36. Rb1 Qc4 37. Rc1 Qxb4 1/2-1/2

[Event "XXIX Miedzynarodowy Festiwal Szachowy CRACOVIA-2018 Grupa B"]
[Site "Krakow, Hotel Galaxy, ul. Gesia 22a"]
[Date "2019.01.03"]
[Round "8.36"]
[White "Butyrowski, Marcel"]
[Black "Slezinski, Nikodem"]
[Result "1-0"]
[WhiteElo "1802"]
[BlackElo "2074"]
[PlyCount "53"]
[EventDate "2019.??.??"]

1. Nf3 Nf6 2. c4 e6 3. Nc3 d5 4. d4 dxc4 5. e3 a6 6. a4 c5 7. Bxc4 Nc6 8. O-O
Be7 9. dxc5 Qa5 10. Qe2 Bxc5 11. Bd2 Qd8 12. Rfd1 e5 13. Bxf7+ Ke7 14. Ba2 Rf8
15. Qc4 Qb6 16. Ne4 Bb4 17. Nxf6 Rxf6 18. Nxe5 Bxd2 19. Nxc6+ Qxc6 20. Qxc6
Rxc6 21. Rxd2 Bf5 22. f3 Rac8 23. e4 Rc1+ 24. Rxc1 Rxc1+ 25. Kf2 Bd7 26. Bb3
Ra1 27. Rd1 1-0

[Event "XXIX Miedzynarodowy Festiwal Szachowy CRACOVIA-2018 Grupa B"]
[Site "Krakow, Hotel Galaxy, ul. Gesia 22a"]
[Date "2019.01.03"]
[Round "8.37"]
[White "Panek, Bartosz"]
[Black "Gorkiewicz, Mateusz"]
[Result "1/2-1/2"]
[WhiteElo "1871"]
[BlackElo "1838"]
[PlyCount "51"]
[EventDate "2019.??.??"]

1. e4 e5 2. Nf3 Nc6 3. Nc3 Nf6 4. d4 Bb4 5. Nxe5 Qe7 6. Be2 Nxe4 7. Nxc6 dxc6
8. Bd2 Nxd2 9. Qxd2 Bf5 10. a3 Bxc3 11. bxc3 O-O 12. O-O Rfe8 13. Bf3 Qd6 14.
Rab1 Rab8 15. a4 h6 16. Rb2 b6 17. Ra2 a5 18. Raa1 Re7 19. Rfe1 Rbe8 20. Rxe7
Rxe7 21. h3 Qg6 22. Re1 Rxe1+ 23. Qxe1 Bxh3 24. Qe7 Bg4 25. Bxg4 Qxg4 26. Qd8+
1/2-1/2

[Event "XXIX Miedzynarodowy Festiwal Szachowy CRACOVIA-2018 Grupa B"]
[Site "Krakow, Hotel Galaxy, ul. Gesia 22a"]
[Date "2019.01.03"]
[Round "8.38"]
[White "Bugaev, Anton"]
[Black "Gorecki, Grzegorz"]
[Result "1/2-1/2"]
[WhiteElo "1722"]
[BlackElo "1867"]
[PlyCount "81"]
[EventDate "2019.??.??"]

1. d4 d5 2. c4 c6 3. Nf3 Nf6 4. e3 e6 5. Be2 dxc4 6. Bxc4 Bd6 7. O-O O-O 8. b3
c5 9. Bb2 Nbd7 10. Qe2 cxd4 11. Bxd4 b6 12. Rd1 Qe7 13. Bb2 Bb7 14. Nc3 Rac8
15. Rac1 Bxf3 16. Qxf3 Ne5 17. Qe2 Nxc4 18. bxc4 Rfd8 19. Nb5 Bb8 20. Ba3 Qb7
21. Rxd8+ Rxd8 22. Rd1 Rd7 23. f3 a6 24. Nd4 Qc7 25. g3 h5 26. Rc1 Qe5 27. Nc6
Qc7 28. Nxb8 Qxb8 29. Rd1 Qd8 30. Rxd7 Qxd7 31. Bb2 Ne8 32. Bd4 b5 33. cxb5
axb5 34. Kf2 f6 35. Qc2 e5 36. Bb2 Qd5 37. a3 Nd6 38. e4 Qc4 39. Qxc4+ Nxc4 40.
Bc1 Kf7 41. Ke2 1/2-1/2

[Event "XXIX Miedzynarodowy Festiwal Szachowy CRACOVIA-2018 Grupa B"]
[Site "Krakow, Hotel Galaxy, ul. Gesia 22a"]
[Date "2019.01.03"]
[Round "8.39"]
[White "Kalkowski, Igor"]
[Black "Zechner, Andrea"]
[Result "1-0"]
[WhiteElo "1716"]
[BlackElo "1859"]
[PlyCount "39"]
[EventDate "2019.??.??"]

1. e4 c6 2. d4 d5 3. Nc3 dxe4 4. Nxe4 Bf5 5. Ng3 Bg6 6. N1e2 Nf6 7. Nf4 e6 8.
h4 Be7 9. h5 Bf5 10. Nxf5 exf5 11. Bc4 Nd5 12. Bxd5 cxd5 13. Qf3 Nc6 14. c3 O-O
15. Nxd5 Qd7 16. O-O Rfe8 17. Bf4 Rac8 18. Rfe1 Nd8 19. h6 g6 20. Rxe7 1-0

[Event "XXIX Miedzynarodowy Festiwal Szachowy CRACOVIA-2018 Grupa B"]
[Site "Krakow, Hotel Galaxy, ul. Gesia 22a"]
[Date "2019.01.03"]
[Round "8.40"]
[White "Alhejab, Meshal"]
[Black "Buchta, Agnieszka"]
[Result "0-1"]
[WhiteElo "1497"]
[BlackElo "1856"]
[PlyCount "76"]
[EventDate "2019.??.??"]

1. e4 e5 2. Nf3 Nc6 3. Bb5 a6 4. Bxc6 dxc6 5. O-O Ne7 6. d4 exd4 7. Qxd4 Qxd4
8. Nxd4 Bd7 9. Bf4 O-O-O 10. Nd2 Ng6 11. Bg3 h5 12. h3 Bxh3 13. N2b3 Bd7 14. f4
h4 15. Be1 f6 16. f5 Ne5 17. Nf3 Nxf3+ 18. gxf3 Bd6 19. f4 Rde8 20. Nd2 c5 21.
Kg2 Bc6 22. Kf3 b6 23. Rh1 h3 24. Bg3 Rh5 25. Kg4 Reh8 26. Rh2 R5h6 27. Rah1 g6
28. fxg6 Rxg6+ 29. Kf3 Rgh6 30. f5 Kd7 31. Bxd6 Kxd6 32. Nc4+ Kd7 33. Nd2 Rh4
34. c3 b5 35. Re1 Kd6 36. Nf1 Ke5 37. Ng3 Rg8 38. Rhe2 Rf4+ 0-1

[Event "XXIX Miedzynarodowy Festiwal Szachowy CRACOVIA-2018 Grupa B"]
[Site "Krakow, Hotel Galaxy, ul. Gesia 22a"]
[Date "2019.01.03"]
[Round "8.41"]
[White "Rogala, Milosz"]
[Black "Adamczyk, Zuzanna"]
[Result "1/2-1/2"]
[WhiteElo "1738"]
[BlackElo "1842"]
[PlyCount "95"]
[EventDate "2019.??.??"]

1. e4 c5 2. c4 Nc6 3. Ne2 e6 4. Nbc3 Nf6 5. Nf4 d6 6. g3 g6 7. Bg2 Bg7 8. O-O
O-O 9. Nfe2 Nd4 10. d3 Nd7 11. f4 Nb8 12. Nxd4 cxd4 13. Ne2 Nc6 14. b3 f5 15.
Ba3 Re8 16. Qd2 e5 17. fxe5 dxe5 18. Rae1 Bf6 19. Bc1 Be6 20. exf5 Bxf5 21.
Bd5+ Kh8 22. Rf2 Rf8 23. Ref1 Qe7 24. a3 Rae8 25. Rxf5 gxf5 26. Rxf5 Qg7 27.
Rh5 Re7 28. Be4 Qg8 29. h3 Nd8 30. g4 Ne6 31. Bd5 Rg7 32. Ng3 Rd8 33. Qh6 Rxd5
34. cxd5 Rg6 35. Qxh7+ Qxh7 36. Rxh7+ Kxh7 37. dxe6 Be7 38. Nf5 Rxe6 39. b4 Rc6
40. Bd2 Rc2 41. Be1 Bg5 42. h4 Bd2 43. Bg3 Bf4 44. Bxf4 exf4 45. h5 f3 46. Nxd4
Rg2+ 47. Kf1 Rxg4 48. Nxf3 1/2-1/2

[Event "XXIX Miedzynarodowy Festiwal Szachowy CRACOVIA-2018 Grupa B"]
[Site "Krakow, Hotel Galaxy, ul. Gesia 22a"]
[Date "2019.01.03"]
[Round "8.42"]
[White "Podgorski, Maciej"]
[Black "Dziewonski, Dariusz"]
[Result "1-0"]
[WhiteElo "1841"]
[BlackElo "1757"]
[PlyCount "87"]
[EventDate "2019.??.??"]

1. e4 c5 2. Nf3 e6 3. d4 cxd4 4. Nxd4 a6 5. Nc3 Qc7 6. Be2 b5 7. Be3 Bb7 8. Bf3
Nf6 9. e5 Ng8 10. O-O Nc6 11. Bf4 Nxd4 12. Bxb7 Qxb7 13. Qxd4 Ne7 14. Rad1 Nf5
15. Qe4 Qxe4 16. Nxe4 Be7 17. g4 Nh4 18. Rd3 Ng6 19. Bg3 h5 20. h3 f6 21. Rfd1
Ra7 22. exf6 gxf6 23. Rf3 Kf7 24. Nxf6 Bxf6 25. g5 h4 26. Rxf6+ Kg7 27. Bd6 a5
28. f4 Rc8 29. Rd2 Nf8 30. Rh6 Ng6 31. Kf2 Rc4 32. Kf3 b4 33. b3 Rc6 34. Kg4
Raa6 35. Be5+ Nxe5+ 36. fxe5 Rc7 37. Kh5 Rac6 38. Rf2 d5 39. Rff6 Rxc2 40.
Rfg6+ Kf7 41. Rh7+ Kf8 42. Rh8+ Kf7 43. Kh6 Rc8 44. Rg7# 1-0

[Event "XXIX Miedzynarodowy Festiwal Szachowy CRACOVIA-2018 Grupa B"]
[Site "Krakow, Hotel Galaxy, ul. Gesia 22a"]
[Date "2019.01.03"]
[Round "8.43"]
[White "Czechowski, Jakub"]
[Black "Libura, Julianna"]
[Result "1-0"]
[WhiteElo "1840"]
[BlackElo "1587"]
[PlyCount "123"]
[EventDate "2019.??.??"]

1. d4 d5 2. c4 e6 3. Nc3 Nf6 4. Bg5 Be7 5. e3 O-O 6. Rc1 Nbd7 7. Nf3 c6 8. Bd3
Re8 9. O-O h6 10. Bh4 a6 11. Qc2 dxc4 12. Bxc4 b5 13. Bd3 c5 14. Rfd1 c4 15.
Bf1 Bb7 16. a4 Qb6 17. Nd2 Rac8 18. axb5 axb5 19. b3 cxb3 20. Qxb3 b4 21. Na2
Bd5 22. Bc4 Qb7 23. Bxd5 exd5 24. Rb1 Qa6 25. Bxf6 Nxf6 26. Nxb4 Bxb4 27. Qxb4
Qe2 28. Re1 Qh5 29. Qb3 Re6 30. Nf1 Qg5 31. Rbc1 Rce8 32. f3 h5 33. Qb2 h4 34.
Qf2 Nh5 35. Kh1 Rg6 36. Rc2 Nf6 37. Rc5 h3 38. g4 Nd7 39. Rc2 f5 40. gxf5 Qxf5
41. Ng3 Qg5 42. f4 Qe7 43. Qf3 Nf6 44. Rce2 Qa3 45. Nh5 Ne4 46. Qxh3 Qa5 47.
Rg1 Rxg1+ 48. Kxg1 Qa1+ 49. Qf1 Qa6 50. Nxg7 Qg6+ 51. Rg2 Qxg7 52. Rxg7+ Kxg7
53. Qh3 Kf6 54. Qd7 Rg8+ 55. Kf1 Nd2+ 56. Ke1 Nf3+ 57. Kf2 Nxh2 58. Qxd5 Ng4+
59. Ke2 Rg7 60. Qc6+ Kf5 61. d5 Ke4 62. Qe6+ 1-0

[Event "XXIX Miedzynarodowy Festiwal Szachowy CRACOVIA-2018 Grupa B"]
[Site "Krakow, Hotel Galaxy, ul. Gesia 22a"]
[Date "2019.01.03"]
[Round "8.44"]
[White "Jamroz, Krzysztof"]
[Black "Cichon, Jakub"]
[Result "0-1"]
[WhiteElo "2036"]
[BlackElo "1558"]
[PlyCount "58"]
[EventDate "2019.??.??"]

1. e4 c5 2. Nf3 d6 3. c3 Nf6 4. Be2 Nc6 5. d4 cxd4 6. cxd4 e6 7. Nc3 Be7 8. O-O
O-O 9. a3 b6 10. d5 Ne5 11. Nd4 exd5 12. exd5 Bb7 13. f4 Ng6 14. Nf5 a6 15. Bf3
Re8 16. Be3 Bc8 17. Nd4 Nh4 18. Nc6 Qc7 19. Na4 Nxf3+ 20. Qxf3 Bg4 21. Bxb6
Bxf3 22. Bxc7 Bxd5 23. Nxe7+ Rxe7 24. Bxd6 Re2 25. Rfd1 Rxg2+ 26. Kh1 Bc6 27.
Rac1 Rc2+ 28. Kg1 Rxc1 29. Rxc1 Bxa4 0-1

[Event "XXIX Miedzynarodowy Festiwal Szachowy CRACOVIA-2018 Grupa B"]
[Site "Krakow, Hotel Galaxy, ul. Gesia 22a"]
[Date "2019.01.03"]
[Round "8.45"]
[White "Kostecka, Marika"]
[Black "Gulie, Cosmin"]
[Result "0-1"]
[WhiteElo "1808"]
[BlackElo "2055"]
[PlyCount "130"]
[EventDate "2019.??.??"]

1. e4 c5 2. Nf3 g6 3. d4 cxd4 4. Nxd4 Bg7 5. c4 Nc6 6. Be3 Nf6 7. Nc3 Ng4 8.
Qxg4 Nxd4 9. Qd1 Ne6 10. Be2 Qa5 11. Qd2 b6 12. O-O Bb7 13. f3 d6 14. a3 Bxc3
15. bxc3 Rc8 16. Rfb1 O-O 17. Bd3 Ba6 18. Rb4 Rc7 19. f4 Rfc8 20. f5 Ng7 21.
Qe2 gxf5 22. exf5 Nxf5 23. Qg4+ Ng7 24. Ra4 Qxa4 25. Bh6 Kf8 26. Qxg7+ Ke8 27.
Bf5 Kd8 28. Bxc8 Kxc8 29. Qxf7 Qxc4 30. Qf8+ Kb7 31. Qf3+ Kb8 32. Bd2 Bb7 33.
Qf2 Rc8 34. Re1 Rg8 35. g3 Qd5 36. Kf1 e5 37. Rc1 h5 38. c4 Qe4 39. Qe3 Qg2+
40. Ke1 Rf8 41. Kd1 Qf1+ 42. Kc2 Qxc4+ 43. Kb2 Qb5+ 44. Ka1 Rf1 45. Rxf1 Qxf1+
46. Kb2 Qf6 47. Bc3 Bc6 48. Qe2 Qf3 49. Qd2 Qg2 50. Qxg2 Bxg2 51. Kc2 Kc7 52.
Kd3 Kd7 53. Ke3 Ke6 54. Kf2 Bh3 55. Ke3 d5 56. Bb4 d4+ 57. Kd2 Kd5 58. Ke2 e4
59. Kd2 e3+ 60. Kd3 Bf1+ 61. Kc2 d3+ 62. Kd1 Ke4 63. Bc3 d2 64. Kc2 Kf3 65.
Bxd2 exd2 0-1

[Event "XXIX Miedzynarodowy Festiwal Szachowy CRACOVIA-2018 Grupa B"]
[Site "Krakow, Hotel Galaxy, ul. Gesia 22a"]
[Date "2019.01.03"]
[Round "8.46"]
[White "Kosturkiewicz, Jacek"]
[Black "Lobunets, Vladimir"]
[Result "0-1"]
[WhiteElo "1972"]
[BlackElo "1801"]
[PlyCount "126"]
[EventDate "2019.??.??"]

1. e4 c6 2. d4 d5 3. Nc3 h6 4. Nf3 Nf6 5. Bd3 dxe4 6. Nxe4 Nxe4 7. Bxe4 Nd7 8.
c3 Nf6 9. Bc2 e6 10. Ne5 Bd6 11. Qf3 Qc7 12. Nc4 Be7 13. Bf4 Qd8 14. O-O-O Qd5
15. Qxd5 cxd5 16. Nd6+ Kf8 17. Nxc8 Rxc8 18. f3 g5 19. Be5 Rg8 20. h3 b5 21. a3
Ke8 22. Bd3 a6 23. Kb1 Kd7 24. a4 Kc6 25. axb5+ axb5 26. Kc2 Nd7 27. Bg3 Nb6
28. b3 h5 29. Ra1 Ra8 30. Kb2 Bf6 31. Rhe1 Nd7 32. Rxa8 Rxa8 33. f4 b4 34. Re2
bxc3+ 35. Kxc3 Kb6 36. Bc2 gxf4 37. Bxf4 Rg8 38. Bd6 Kc6 39. Bf4 Bh4 40. Kd2
Bg5 41. Ke3 f6 42. Kf3 Bxf4 43. Kxf4 e5+ 44. dxe5 fxe5+ 45. Kf5 Kd6 46. Rd2 Nc5
47. b4 Ne6 48. Kf6 Rb8 49. Bg6 Nf4 50. Rb2 Nxg6 51. Kxg6 e4 52. Kxh5 e3 53. g4
d4 54. g5 Ke5 55. Kg4 Ke4 56. b5 Kd3 57. Kf4 Rf8+ 58. Ke5 Re8+ 59. Kd5 e2 60.
Rxe2 Rxe2 61. b6 Kc3 62. Kc6 d3 63. b7 Re8 0-1

[Event "XXIX Miedzynarodowy Festiwal Szachowy CRACOVIA-2018 Grupa B"]
[Site "Krakow, Hotel Galaxy, ul. Gesia 22a"]
[Date "2019.01.03"]
[Round "8.54"]
[White "Vasilenko, Ekaterina"]
[Black "Wnek, Filip"]
[Result "0-1"]
[WhiteElo "1791"]
[BlackElo "1735"]
[PlyCount "84"]
[EventDate "2019.??.??"]

1. e4 c5 2. Nf3 Nc6 3. d4 cxd4 4. Nxd4 Nf6 5. f3 e5 6. Nb5 d6 7. c4 Be7 8. Be3
Be6 9. Be2 O-O 10. O-O Rc8 11. b3 Ne8 12. Nxa7 Nxa7 13. Bxa7 b6 14. Nc3 Ra8 15.
Nb5 Bd7 16. Bxb6 Qxb6+ 17. Kh1 Bxb5 18. cxb5 Ra3 19. Qc1 Qa5 20. b6 Rxa2 21. b7
Rxa1 22. Qxa1 Qb6 23. Qa6 Qxa6 24. Bxa6 Nc7 25. Bc4 Rb8 26. f4 Rxb7 27. fxe5
Ne6 28. exd6 Bxd6 29. g3 g6 30. Rd1 Rb6 31. Bxe6 fxe6 32. Kg2 Kf7 33. Rd3 Kf6
34. Kf3 Ke5 35. h4 Be7 36. Kg4 Kxe4 37. Rd7 h5+ 38. Kh3 Bf6 39. Ra7 Rxb3 40.
Ra4+ Bd4 41. Ra6 Kf5 42. Ra5+ Be5 0-1

[Event "XXIX Miedzynarodowy Festiwal Szachowy CRACOVIA-2018 Grupa B"]
[Site "Krakow, Hotel Galaxy, ul. Gesia 22a"]
[Date "2019.01.03"]
[Round "8.57"]
[White "Szlosarczyk, Hubert"]
[Black "Zielinski, Marcin"]
[Result "1/2-1/2"]
[WhiteElo "1600"]
[BlackElo "1576"]
[PlyCount "79"]
[EventDate "2019.??.??"]

1. d4 d5 2. c4 e6 3. Nc3 Nf6 4. Bg5 Be7 5. Nf3 O-O 6. e3 c6 7. Qc2 Nbd7 8. Bd3
dxc4 9. Bxc4 Nd5 10. Bxe7 Qxe7 11. O-O Nxc3 12. bxc3 e5 13. Rfe1 e4 14. Nd2 Nf6
15. Rab1 Bf5 16. Qb3 b5 17. Be2 a5 18. c4 b4 19. Qa4 c5 20. dxc5 Qxc5 21. Qb5
Qxb5 22. cxb5 Nd5 23. Nb3 Nc3 24. Ra1 Bd7 25. Nc5 Nxe2+ 26. Rxe2 Bxb5 27. Rd2
f5 28. Ne6 Rf6 29. Nc7 Rb8 30. Nxb5 Rxb5 31. Rc1 Rbb6 32. g3 Rbc6 33. Rxc6 Rxc6
34. Rd5 a4 35. Rxf5 Rc1+ 36. Kg2 Rc2 37. Rb5 Rb2 38. Rb7 h6 39. h3 Kh7 40. Rb6
1/2-1/2

[Event "XXIX Miedzynarodowy Festiwal Szachowy CRACOVIA-2018 Grupa B"]
[Site "Krakow, Hotel Galaxy, ul. Gesia 22a"]
[Date "2019.??.??"]
[Round "8.48"]
[White "Kawula, Andrzej"]
[Black "Kalosha, Zhiulien Oleksii"]
[Result "1-0"]
[WhiteElo "1902"]
[BlackElo "1795"]
[PlyCount "137"]
[EventDate "2019.??.??"]

1. d4 d5 2. c4 e6 3. e3 Nf6 4. Nf3 Bb4+ 5. Bd2 Be7 6. Nc3 O-O 7. Bd3 c5 8. dxc5
Bxc5 9. cxd5 exd5 10. O-O Bg4 11. h3 Bh5 12. Be2 Nc6 13. Rc1 Bb6 14. Nb5 a6 15.
Nbd4 Nxd4 16. Nxd4 Bxd4 17. exd4 Bxe2 18. Qxe2 Qb6 19. Be3 Rfe8 20. Rc5 Rac8
21. Rfc1 Rxc5 22. Rxc5 h6 23. Qc2 Qb4 24. Qc1 Qb6 25. a3 Qd6 26. Rc7 Qb6 27. b4
Ne4 28. Rc8 Nd6 29. Rxe8+ Nxe8 30. Qc8 Qb5 31. Bf4 Kh7 32. Qf5+ Kg8 33. Qc8 Kh7
34. Be5 Kg8 35. Qd8 Qc6 36. Qe7 Qb5 37. Qd8 Qc6 38. f3 Qb5 39. Bd6 Qc6 40. Bc5
Qe6 41. Kf2 f6 42. a4 Qc6 43. b5 axb5 44. axb5 Qxb5 45. Qxd5+ Kh8 46. Qd8 Kh7
47. Qb6 Qd3 48. Qe6 Qb5 49. g4 Qa4 50. Qe4+ Kg8 51. Qxb7 Qc2+ 52. Kg3 Qc1 53.
Qd5+ Kh8 54. Qa2 f5 55. Kg2 f4 56. Bb4 Nf6 57. Bd2 Qd1 58. Bxf4 Qxd4 59. Qd2
Qc4 60. Be5 Qe6 61. Qd6 Qf7 62. Kg3 Qa7 63. Bxf6 Qg1+ 64. Kh4 Qe1+ 65. Qg3 Qd2
66. Qe5 gxf6 67. Qxf6+ Kh7 68. Kh5 Qe3 69. Qg6+ 1-0

[Event "XXIX Miedzynarodowy Festiwal Szachowy CRACOVIA-2018 Grupa B"]
[Site "Krakow, Hotel Galaxy, ul. Gesia 22a"]
[Date "2019.??.??"]
[Round "8.49"]
[White "Mirowska, Oliwia"]
[Black "Furtak, Joanna"]
[Result "1/2-1/2"]
[WhiteElo "1720"]
[BlackElo "1888"]
[PlyCount "66"]
[EventDate "2019.??.??"]

1. d3 d5 2. g3 g6 3. Bg2 Bg7 4. c3 c6 5. Nf3 Nf6 6. O-O O-O 7. Na3 Nbd7 8. Nc2
e5 9. Re1 Qc7 10. e4 dxe4 11. dxe4 Nc5 12. Qe2 Rd8 13. Bg5 b6 14. b3 Bb7 15. h3
a5 16. Nh2 Ne6 17. Be3 c5 18. Bc1 Ba6 19. c4 Nd4 20. Nxd4 cxd4 21. Qd3 Nd7 22.
f4 Nc5 23. Qd1 Bb7 24. Ng4 Ne6 25. fxe5 Bxe5 26. Nxe5 Qxe5 27. Kh2 Rd7 28. Bb2
Rad8 29. Qd2 h5 30. Qf2 h4 31. Rad1 Ng7 32. Bf3 hxg3+ 33. Qxg3 Qxg3+ 1/2-1/2